00850nam a2200229 i 450000100060000000300090000600500170001500700030003200800410003502000180007610000250009424501460011926000390026530000380030449000220034270000370036470000280040183000300042985200220045999900170048195201220049897224ES-MaACL20240503104451.0t|050708s1976 sp f ||||1|bspa d a84-7388-034-X1 aMarais, Jean.97629810aHistorias de mi vida / cJean Marais ; con una suite poética compuesta por poemas inéditos de Jean Cocteau ; traducción Germán Bueno. aMadrid : bEdiciones S.A., c1976. a376 p., 2 h. de lám. ; c22 cm.1 aLibro mundo ; v31 aCocteau, Jean,d1889-19639394101 aBueno, Germán.9323750 aLibro mundo ; v39232277 aES-MaACLjL-11539 c97224d97224 00104070aATENEOMbATENEOMcDEPO2d2008-01-17eSCl0oL-11539p1101499r2023-02-23 00:00:00w2023-02-23yMONOGRAFIA